<?xml version="1.0" encoding="UTF-8"?>
<record
    xmlns:xsi="http://www.w3.org/2001/XMLSchema-instance"
    xsi:schemaLocation="http://www.loc.gov/MARC21/slim http://www.loc.gov/standards/marcxml/schema/MARC21slim.xsd"
    xmlns="http://www.loc.gov/MARC21/slim">

  <leader>00417nam a2200145Ia 4500</leader>
  <controlfield tag="008">230411s9999    xx            000 0 und d</controlfield>
  <datafield tag="020" ind1=" " ind2=" ">
    <subfield code="a">978-93-86322-03-6</subfield>
  </datafield>
  <datafield tag="041" ind1=" " ind2=" ">
    <subfield code="a">eng</subfield>
  </datafield>
  <datafield tag="082" ind1=" " ind2=" ">
    <subfield code="a">R/610.724/DAS/B08925</subfield>
  </datafield>
  <datafield tag="100" ind1=" " ind2=" ">
    <subfield code="a">Dash Bijayalaskhmi</subfield>
  </datafield>
  <datafield tag="245" ind1=" " ind2=" ">
    <subfield code="a">Essentials of Nursing Research and Biostatistics</subfield>
  </datafield>
  <datafield tag="260" ind1=" " ind2=" ">
    <subfield code="b">Jaypee Brothers</subfield>
    <subfield code="a">New Delhi</subfield>
    <subfield code="c">2017</subfield>
  </datafield>
  <datafield tag="300" ind1=" " ind2=" ">
    <subfield code="a">360p</subfield>
  </datafield>
  <datafield tag="999" ind1=" " ind2=" ">
    <subfield code="c">158315</subfield>
    <subfield code="d">158315</subfield>
  </datafield>
  <datafield tag="952" ind1=" " ind2=" ">
    <subfield code="0">0</subfield>
    <subfield code="1">0</subfield>
    <subfield code="4">0</subfield>
    <subfield code="7">0</subfield>
    <subfield code="8">R</subfield>
    <subfield code="a">BTIN</subfield>
    <subfield code="b">BTIN</subfield>
    <subfield code="d">2018-12-04</subfield>
    <subfield code="e">Jaypee Brothers Medical Publishers</subfield>
    <subfield code="g">450.00</subfield>
    <subfield code="i">MU/INV-I/18-00100</subfield>
    <subfield code="l">0</subfield>
    <subfield code="o">R 610.724 DAS B08925</subfield>
    <subfield code="p">BTIN-BK-8925</subfield>
    <subfield code="r">2023-04-11 00:00:00</subfield>
    <subfield code="v">306.00</subfield>
    <subfield code="w">2018-12-04</subfield>
    <subfield code="y">BK</subfield>
    <subfield code="z">B08925</subfield>
  </datafield>
  <datafield tag="952" ind1=" " ind2=" ">
    <subfield code="0">0</subfield>
    <subfield code="1">0</subfield>
    <subfield code="4">0</subfield>
    <subfield code="7">0</subfield>
    <subfield code="8">R</subfield>
    <subfield code="a">BTIN</subfield>
    <subfield code="b">BTIN</subfield>
    <subfield code="d">2018-12-21</subfield>
    <subfield code="e">Patil Medical Book House</subfield>
    <subfield code="g">450.00</subfield>
    <subfield code="i">MU/INV-I/18-00100</subfield>
    <subfield code="j">2</subfield>
    <subfield code="l">1</subfield>
    <subfield code="m">1</subfield>
    <subfield code="o">R 610.724 DAS B09060</subfield>
    <subfield code="p">BTIN-BK-9060</subfield>
    <subfield code="r">2026-02-13 16:41:07</subfield>
    <subfield code="s">2026-02-02</subfield>
    <subfield code="v">306.00</subfield>
    <subfield code="w">2018-12-04</subfield>
    <subfield code="y">BK</subfield>
    <subfield code="z">B09060</subfield>
  </datafield>
</record>
